000 00703cab a2200193 4500
001 WB2817-47
008 090401t1992 xxu||||| |||| 00| 0 eng d
035 _a(Sirsi) u50124
041 _aeng
245 _aTrust land may not be sold
260 _c1992
350 _a0
490 _aIndependent
_v29 April 1992, 269(1)
520 _a"Oldham BC v Attorney General" ChD 7 April 1992. A decision which stated that the terms of a trust made under a will were paramount when considering land for development, for as long as the charity could be administered according to the donor`s wishes.
650 _aOLDHAM BC V ATTORNEY GENERAL
690 _aLAND-CASE LAW
942 _n0
948 _c04/03/1997
999 _c31309
_d31309